Top 100 Club Classement UEFA Juin 2023 (coefficient) - Statistiques

Statistiques générales
  • Ce quiz a été pris 694 fois
    628 depuis la dernière actualisation
  • Le résultat moyen est 53 sur 100
Statistiques - réponses
Rang Pays Club % Correct
1 Angleterre Manchester City
100%
2 Allemagne Bayern Munich
99%
7 Angleterre Manchester United
99%
6 France Paris
99%
5 Espagne Real Madrid
99%
9 Espagne Barcelone
98%
4 Angleterre Liverpool
98%
3 Angleterre Chelsea
97%
11 Italie Inter
97%
14 Allemagne Dortmund
94%
37 Italie Milan
94%
13 Pays-Bas Ajax
93%
53 France Marseille
93%
20 Portugal Porto
92%
15 Espagne Atlético
91%
17 Portugal Benfica
91%
26 France Lyon
90%
23 Angleterre Arsenal
89%
19 Italie Naples
89%
10 Italie Rome
89%
12 Espagne Séville
89%
8 Italie Juventus Turin
81%
16 Allemagne Leipzig
80%
59 France Lille
80%
21 Angleterre Tottenham
79%
60 France Monaco
77%
33 Portugal Sporting
77%
41 Pays-Bas PSV
76%
39 France Rennes
75%
57 Ecosse Celtic
74%
42 Italie Lazio
73%
31 Ecosse Rangers
71%
50 Ukraine Dynamo Kiev
70%
55 Turquie Galatasaray
69%
18 Espagne Villarreal
69%
29 Croatie Dinamo Zagreb
67%
45 Espagne Valence
67%
30 Belgique Club Bruges
64%
36 Angleterre West Ham
64%
27 Autriche Salzbourg
63%
32 Suisse Bâle
60%
88 France Nice
60%
28 Italie Atalanta
59%
35 Pays-Bas Feyenoord
59%
40 Portugal Braga
58%
44 Danemark Copenhague
58%
51 Suisse Young Boys
58%
48 Espagne Betis
56%
24 Allemagne Leverkusen
56%
52 Espagne Real Sociedad
56%
34 Rép. Tchèque Slavia Prague
55%
87 Belgique Anderlecht
54%
78 Italie Fiorentina
53%
99 Russie CSKA Moscou
52%
43 Serbie Etoile Rouge
51%
46 Grèce Olympiakos
51%
25 Ukraine Shakhtar Donetsk
51%
54 Russie Zenit
51%
22 Allemagne Francfort
49%
84 Autriche Rapid Vienne
47%
89 Allemagne Union Berlin
45%
73 Allemagne Wolfsburg
45%
85 Russie Spartak Moscou
44%
72 Angleterre Leicester
43%
75 Russie Lokomotiv Moscou
42%
65 Suède Malmo
41%
38 Pays-Bas AZ Alkmaar
39%
86 Belgique Genk
38%
92 Allemagne Schalke
38%
71 Israël Maccabi Tel-Aviv
35%
47 Belgique La Gantoise
33%
77 Allemagne Monchengladbach
31%
81 Belgique Union Saint Gilloise
27%
98 Belgique Standart Liège
26%
100 Allemagne Fribourg
25%
91 Belgique Antwerp
21%
67 Grèce PAOK
21%
66 Azerbadjan Qarabag
21%
69 Slovaquie Slovan Bratislava
21%
62 Hongrie Ferencvaros
20%
83 Allemagne Hoffenheim
20%
56 Turquie Basaksehir
19%
80 Moldavie Sheriff
19%
70 Norvège Molde
18%
64 Serbie Partizan
17%
61 Roumanie CFR Cluj
16%
68 Russie Krasnodar
15%
74 Rep.Tchèque Victoria Plzen
15%
95 Angleterre Wolverhampton
14%
76 Bulgarie Ludogorets
13%
79 Norvège Bodo Glimt
11%
82 Pologne Lech
10%
63 Danemark Midtjylland
9%
96 Chypre Apollon
7%
58 Turquie Fenerbahce
7%
94 Turquie Sivasspor
3%
93 Suède Djurgardens
2%
90 Israël Hapoel Beer-Sheva
2%
49 Autriche Linz ASK
2%
97 Ukraine Zorya Louhansk
1%
Aucun quiz correspondant
Distribution des résultats
% des personnes avec chaque résultat
Percentile par nombre de réponses
Votre historique - résultats
Vous n’avez pas pris ce quiz depuis la dernière actualisation